[Event "Rio Negrinho Froebel op"]
[Site "Rio Negrinho"]
[Date "2021.07.10"]
[Round "3"]
[White "De Carvalho, Vitor Augusto Ponci"]
[Black "Mendes, Rodrigo Machado"]
[Result "1/2-1/2"]
[WhiteElo "1627"]
[BlackElo "1834"]
[PlyCount "128"]
[EventDate "2021.07.09"]
[EventType "swiss"]
[EventRounds "6"]
[EventCountry "BRA"]
[SourceTitle "EXT 2022"]
[Source "ChessBase"]
[SourceDate "2021.10.06"]
[SourceVersion "1"]
[SourceVersionDate "2021.10.06"]
[SourceQuality "1"]

1. e4 c6 2. d4 d5 3. exd5 cxd5 4. Bd3 Nf6 5. c3 Nc6 6. Bf4 Bg4 7. Qb3 Qc8 8. Nd2 e6 9. Ngf3 a6 10. 0-0 Be7 11. Rfe1 0-0 12. Ne5 Bh5 13. Qc2 Bg6 14. Nxg6 hxg6 15. Re3 Nh5 16. Be5 Bg5 17. Re2 Nxe5 18. Rxe5 Bf6 19. Ree1 Nf4 20. g3 Nxd3 21. Qxd3 Qc7 22. Rac1 b5 23. b4 Rfd8 24. Nb3 e5 25. f3 Qc4 26. Qxc4 dxc4 27. dxe5 cxb3 28. exf6 bxa2 29. Re2 gxf6 30. Rxa2 Rd3 31. c4 bxc4 32. Rxc4 Rxf3 33. Rc6 Rb8 34. Raxa6 Rxb4 35. Rxf6 Rxf6 36. Rxf6 Kg7 37. Rf3 Rb2 38. Rf2 Rb3 39. Kg2 f5 40. h4 Kh6 41. Rf4 Kh5 42. Ra4 Rb2+ 43. Kf3 Rb3+ 44. Kg2 Re3 45. Ra6 Re4 46. Kf3 Rg4 47. Ra8 Kh6 48. Ra7 Rb4 49. Rc7 Rb1 50. Rc4 Rf1+ 51. Kg2 Rb1 52. Kf3 Re1 53. Ra4 Kh5 54. Ra6 Rf1+ 55. Kg2 Rb1 56. Kf3 Rb3+ 57. Kf2 Rc3 58. Rb6 g5 59. hxg5 Kxg5 60. Rb4 Rc5 61. Rf4 Kf6 62. g4 Kg5 63. Rxf5+ Rxf5+ 64. gxf5 Kxf5 1/2-1/2

[Event "Rio Negrinho Froebel op"]
[Site "Rio Negrinho"]
[Date "2021.07.10"]
[Round "4"]
[White "Mendes, Rodrigo Machado"]
[Black "Cordeiro, Marco Aurelio Zaror"]
[Result "0-1"]
[WhiteElo "1834"]
[BlackElo "2197"]
[PlyCount "79"]
[EventDate "2021.07.09"]
[EventType "swiss"]
[EventRounds "6"]
[EventCountry "BRA"]
[SourceTitle "EXT 2022"]
[Source "ChessBase"]
[SourceDate "2021.10.06"]
[SourceVersion "1"]
[SourceVersionDate "2021.10.06"]
[SourceQuality "1"]

1. d4 c5 2. d5 f5 3. Nc3 Nf6 4. Bg5 Qb6 5. b3 g6 6. Rb1 Bg7 7. Na4 Qd8 8. Nh3 Ne4 9. Bd2 b5 10. Nb2 g5 11. Nxg5 Nc3 12. Qc1 Nxa2 13. Qd1 Nc3 14. Qc1 Nxb1 15. Qxb1 0-0 16. e4 h6 17. Nh3 d6 18. Bxb5 fxe4 19. Qc1 Kh7 20. Nc4 e6 21. dxe6 d5 22. Ne3 Bxe6 23. Nd1 d4 24. 0-0 Bxh3 25. gxh3 a6 26. Be2 Nc6 27. c3 Qh4 28. cxd4 Nxd4 29. Bc4 Qxh3 30. Bf4 h5 31. Qe3 Qg4+ 32. Bg3 h4 33. h3 Nf3+ 34. Kg2 Qg6 35. Bd5 Rad8 36. Nc3 Bxc3 37. Qxc3 hxg3 38. fxg3 Nh4+ 39. Kg1 Rxf1+ 40. Kxf1 0-1

[Event "Rio Negrinho Froebel op"]
[Site "Rio Negrinho"]
[Date "2021.07.09"]
[Round "1"]
[White "Da Cunha, Matheus Mengarda"]
[Black "Mendes, Rodrigo Machado"]
[Result "0-1"]
[WhiteElo "1292"]
[BlackElo "1834"]
[PlyCount "64"]
[EventDate "2021.07.09"]
[EventType "swiss"]
[EventRounds "6"]
[EventCountry "BRA"]
[SourceTitle "EXT 2022"]
[Source "ChessBase"]
[SourceDate "2021.10.06"]
[SourceVersion "1"]
[SourceVersionDate "2021.10.06"]
[SourceQuality "1"]

1. d4 Nf6 2. e3 e6 3. Bd3 c5 4. c3 d5 5. f4 Nc6 6. Nf3 Bd6 7. 0-0 Ne4 8. Ne5 0-0 9. Nd2 f5 10. g4 Bd7 11. g5 Be8 12. Ndf3 Bh5 13. Qe1 Bxf3 14. Rxf3 Nxg5 15. fxg5 Bxe5 16. dxe5 Nxe5 17. Qe2 Nxf3+ 18. Qxf3 Qxg5+ 19. Kh1 Qh4 20. Bd2 c4 21. Bc2 Qg4 22. Qf4 Qe2 23. Rd1 Rae8 24. Qf1 Qh5 25. Re1 g5 26. Qg2 Rf6 27. Bd1 g4 28. Rg1 Rg6 29. Ba4 Re7 30. Bd1 Qh4 31. Be1 Qg5 32. Be2 Qf6 0-1

[Event "Sudeste/Centro-Oeste-ch U2000"]
[Site "Barbacena"]
[Date "2019.10.25"]
[Round "1"]
[White "Martinez, Augusto Gonzalez"]
[Black "Mendes, Rodrigo Machado"]
[Result "0-1"]
[WhiteElo "1815"]
[BlackElo "1918"]
[PlyCount "31"]
[EventDate "2019.10.25"]
[EventType "swiss"]
[EventRounds "6"]
[EventCountry "BRA"]
[SourceTitle "CBM 193 Extra"]
[Source "ChessBase"]
[SourceDate "2020.01.31"]
[SourceVersion "1"]
[SourceVersionDate "2020.01.31"]
[SourceQuality "1"]

1. e4 c6 2. Nc3 d5 3. Nf3 g6 4. d4 Bg7 5. e5 Nh6 6. Bf4 Bg4 7. Qd2 Nf5 8. Be2 Bxf3 9. Bxf3 h5 10. 0-0-0 Nh4 11. Kb1 Nxf3 12. gxf3 e6 13. Bg5 Qc7 14. Rhg1 Nd7 15. f4 c5 16. Nb5 0-1

[Event "Rio de Janeiro Padua Memorial 4th"]
[Site "Rio de Janeiro"]
[Date "2019.10.13"]
[Round "4"]
[White "Mendes, Rodrigo Machado"]
[Black "Rabello, David Sousa"]
[Result "1-0"]
[WhiteElo "1918"]
[BlackElo "1828"]
[PlyCount "61"]
[EventDate "2019.10.11"]
[EventType "swiss"]
[EventRounds "5"]
[EventCountry "BRA"]
[SourceTitle "CBM 192 Extra"]
[Source "Chessbase"]
[SourceDate "2019.11.06"]
[SourceVersion "1"]
[SourceVersionDate "2019.11.06"]
[SourceQuality "1"]

1. d4 e5 2. dxe5 Nc6 3. Nf3 Qe7 4. Bf4 Qb4+ 5. Nc3 Qxf4 6. Nd5 Qa4 7. Nxc7+ Kd8 8. Nxa8 b6 9. e3 Bb7 10. Nxb6 axb6 11. c3 Qg4 12. Qb3 Bc5 13. Qxf7 Nge7 14. h3 Qe4 15. Qc4 Qg6 16. b4 Bxe3 17. fxe3 Qg3+ 18. Kd2 Qf2+ 19. Qe2 Qg3 20. Qe1 Qg6 21. Rg1 Rf8 22. Bd3 Qh5 23. Qg3 Qf7 24. Rgf1 Qd5 25. e4 Qe6 26. Ng5 Qg8 27. Rxf8+ Qxf8 28. Nf7+ Kc8 29. Bc4 d5 30. exd6 Ng6 31. d7+ 1-0

[Event "Rio de Janeiro Padua Memorial 4th"]
[Site "Rio de Janeiro"]
[Date "2019.10.12"]
[Round "2"]
[White "Mendes, Rodrigo Machado"]
[Black "Rangel, Daniel"]
[Result "0-1"]
[WhiteElo "1918"]
[BlackElo "2234"]
[PlyCount "66"]
[EventDate "2019.10.11"]
[EventType "swiss"]
[EventRounds "5"]
[EventCountry "BRA"]
[SourceTitle "CBM 192 Extra"]
[Source "Chessbase"]
[SourceDate "2019.11.06"]
[SourceVersion "1"]
[SourceVersionDate "2019.11.06"]
[SourceQuality "1"]

1. d4 Nf6 2. c4 e6 3. Nc3 d5 4. Nf3 c6 5. cxd5 exd5 6. g3 Bd6 7. Bg2 0-0 8. 0-0 Re8 9. Qc2 Bg4 10. Bg5 h6 11. Be3 Nbd7 12. a3 Bh5 13. b4 b5 14. Na2 Rc8 15. a4 a6 16. axb5 axb5 17. Bh3 Bg4 18. Bxg4 Nxg4 19. Bf4 Bf8 20. h3 Ngf6 21. g4 Ne4 22. e3 Nb6 23. Ne5 Nc4 24. Nd3 Qh4 25. Kg2 h5 26. Qe2 Ned2 27. Bg3 Qd8 28. Rfd1 Nb3 29. Nc3 Nxa1 30. Rxa1 h4 31. Bf4 Bd6 32. Bxd6 Qxd6 33. Nc5 Nxe3+ 0-1

[Event "Ponta Pora-ch"]
[Site "Ponta Pora"]
[Date "2019.07.21"]
[Round "4"]
[White "Mendes, Rodrigo Machado"]
[Black "Olguin Maldonado, Lucas Gabriel"]
[Result "1-0"]
[WhiteElo "1900"]
[BlackElo "1800"]
[PlyCount "79"]
[EventDate "2019.07.19"]
[EventType "swiss"]
[EventRounds "5"]
[EventCountry "BRA"]
[SourceTitle "EXT 2020"]
[Source "ChessBase"]
[SourceDate "2019.10.17"]
[SourceVersion "1"]
[SourceVersionDate "2019.10.17"]
[SourceQuality "1"]

1. d4 Nf6 2. g3 g6 3. Bg2 d5 4. Nf3 Bg7 5. 0-0 0-0 6. c4 dxc4 7. Ne5 Ng4 8. Nxg4 Bxg4 9. Bxb7 Nd7 10. Bxa8 Qxa8 11. Be3 Bh3 12. f3 Bxf1 13. Kxf1 Nf6 14. Nc3 Rd8 15. Qa4 Ng4 16. Bg1 Bxd4 17. Qxc4 Bb6 18. Qxg4 Bxg1 19. Kxg1 Qb7 20. Rd1 Rxd1+ 21. Nxd1 Qb6+ 22. Kf1 h5 23. Qc8+ Kg7 24. Qd7 e6 25. Qd2 Qa6 26. Nc3 Qa5 27. a3 Qf5 28. Kg2 g5 29. Qd4+ e5 30. Qe4 Qe6 31. h3 f5 32. Qd5 Qf6 33. Qd7+ Kh6 34. Qxc7 h4 35. Nd5 Qe6 36. Ne7 Qf7 37. Qxe5 hxg3 38. Nxf5+ Kh5 39. Nxg3+ Kh4 40. Qh8+ 1-0

[Event "Ponta Pora-ch"]
[Site "Ponta Pora"]
[Date "2019.07.20"]
[Round "3"]
[White "Bogarin, Lilio Moreira"]
[Black "Mendes, Rodrigo Machado"]
[Result "1-0"]
[WhiteElo "1824"]
[BlackElo "1900"]
[PlyCount "35"]
[EventDate "2019.07.19"]
[EventType "swiss"]
[EventRounds "5"]
[EventCountry "BRA"]
[SourceTitle "EXT 2020"]
[Source "ChessBase"]
[SourceDate "2019.10.17"]
[SourceVersion "1"]
[SourceVersionDate "2019.10.17"]
[SourceQuality "1"]

1. d4 Nf6 2. Nf3 b6 3. Bf4 Bb7 4. e3 g6 5. Nbd2 Bg7 6. Bd3 d6 7. c3 0-0 8. h4 h5 9. Qc2 c6 10. Ng5 Nbd7 11. f3 e5 12. dxe5 dxe5 13. Bh2 Qe7 14. 0-0-0 a6 15. Rhg1 b5 16. c4 bxc4 17. Nxc4 Rfe8 18. g4 1-0

[Event "Florianopolis op 5th"]
[Site "Florianopolis"]
[Date "2019.01.22"]
[Round "2"]
[White "Mendes, Rodrigo Machado"]
[Black "Menna Barreto, Felipe Kubiaki"]
[Result "0-1"]
[WhiteElo "1956"]
[BlackElo "2389"]
[PlyCount "38"]
[EventDate "2019.01.21"]
[EventType "swiss"]
[EventRounds "10"]
[EventCountry "BRA"]
[SourceTitle "CBM 188 Extra"]
[Source "ChessBase"]
[SourceDate "2019.02.26"]
[SourceVersion "1"]
[SourceVersionDate "2019.02.26"]
[SourceQuality "1"]

1. e4 c5 2. Nc3 e6 3. f4 d5 4. e5 Nc6 5. Nf3 Nh6 6. Bb5 Bd7 7. 0-0 Nf5 8. Kh1 h5 9. d3 h4 10. Qe1 Qb6 11. Bxc6 Bxc6 12. Ne2 Be7 13. a4 h3 14. g3 d4 15. Qf2 Nh6 16. c3 Ng4 17. Qg1 dxc3 18. bxc3 Qd8 19. d4 Qd5 0-1

[Event "Rio de Janeiro Andrade Memorial 2nd"]
[Site "Rio de Janeiro"]
[Date "2018.09.09"]
[Round "6"]
[White "Mendes, Rodrigo Machado"]
[Black "Campos, Alexandre Ferreira"]
[Result "1-0"]
[WhiteElo "1921"]
[BlackElo "2089"]
[PlyCount "97"]
[EventDate "2018.09.07"]
[EventType "swiss"]
[EventRounds "6"]
[EventCountry "BRA"]
[SourceTitle "CBM 186 Extra"]
[Source "ChessBase"]
[SourceDate "2018.08.24"]
[SourceVersion "1"]
[SourceVersionDate "2018.08.24"]
[SourceQuality "1"]

1. d4 Nf6 2. g3 d5 3. Bg2 e6 4. Nf3 c5 5. c4 Nc6 6. cxd5 Nxd5 7. 0-0 Be7 8. a3 cxd4 9. Nxd4 Bd7 10. e4 Nf6 11. Nxc6 Bxc6 12. Qe2 0-0 13. Nc3 Qb6 14. Be3 Bc5 15. Bg5 Be7 16. b4 Qd4 17. Rfc1 Rfe8 18. Be3 Qe5 19. Bf4 Qh5 20. Bf3 Qg6 21. b5 Bd7 22. e5 Nd5 23. Nxd5 exd5 24. Bxd5 Bg4 25. Qb2 b6 26. Rc7 Rac8 27. Rac1 Rxc7 28. Rxc7 Qd3 29. Qb3 Qe2 30. Bxf7+ Kh8 31. Rc1 Bc5 32. Rf1 Bh3 33. Bc4 Qg4 34. Re1 Rd8 35. Bf1 Bxf1 36. Rxf1 Qe2 37. Be3 Rd3 38. Qf7 h5 39. Bxc5 bxc5 40. Qf8+ Kh7 41. Qxc5 h4 42. Qe7 hxg3 43. hxg3 Rd5 44. Qxa7 Rxe5 45. Qa8 Qxb5 46. Kg2 Rh5 47. Qe4+ Kh6 48. Rc1 Rf5 49. Qe6+ 1-0

[Event "Rio de Janeiro Andrade Memorial 2nd"]
[Site "Rio de Janeiro"]
[Date "2018.09.08"]
[Round "3"]
[White "De Lira, Givanildo Jose Duar"]
[Black "Mendes, Rodrigo Machado"]
[Result "1/2-1/2"]
[WhiteElo "1784"]
[BlackElo "1921"]
[PlyCount "158"]
[EventDate "2018.09.07"]
[EventType "swiss"]
[EventRounds "6"]
[EventCountry "BRA"]
[SourceTitle "CBM 186 Extra"]
[Source "ChessBase"]
[SourceDate "2018.08.24"]
[SourceVersion "1"]
[SourceVersionDate "2018.08.24"]
[SourceQuality "1"]

1. e4 c6 2. d4 d5 3. Nc3 dxe4 4. Nxe4 Bf5 5. Ng3 Bg6 6. h4 h6 7. h5 Bh7 8. Nf3 Nd7 9. Bd3 Bxd3 10. Qxd3 Ngf6 11. Bd2 e6 12. 0-0 Bd6 13. Ne4 Nxe4 14. Qxe4 Nf6 15. Qh4 0-0 16. Rfe1 Qb6 17. Rab1 Rad8 18. g4 Be7 19. Qg3 Nh7 20. c3 c5 21. Be3 cxd4 22. Bxd4 Bc5 23. Bxc5 Qxc5 24. Rbd1 Rd5 25. Qf4 Rfd8 26. Rxd5 Qxd5 27. c4 Qd6 28. Qxd6 Rxd6 29. Kg2 Kf8 30. Re2 Ke7 31. Rd2 Rc6 32. b3 Nf6 33. Ne5 Rc7 34. f3 a6 35. Kf2 b5 36. Ke2 bxc4 37. Nxc4 Nd5 38. Kd3 Rc6 39. Ke4 Rc5 40. Kd4 Rc7 41. Ke4 Rd7 42. a3 Rd8 43. Rd3 Rc8 44. f4 Rb8 45. b4 Rc8 46. Ne3 Nf6+ 47. Kf3 Rc1 48. Rb3 Ra1 49. Rd3 Nd7 50. Rc3 Ra2 51. Nc4 Rh2 52. Kg3 Ra2 53. Kf3 Nf6 54. Nb6 Kd6 55. Nc4+ Kd5 56. Ne5 Rd2 57. Rc5+ Kd4 58. Rc4+ Kd5 59. Rc5+ Kd6 60. Rc6+ Ke7 61. Rxa6 Nd5 62. Ra7+ Ke8 63. Rxf7 Rd4 64. Rxg7 Rxf4+ 65. Kg3 Re4 66. Nf3 Re3 67. Ra7 e5 68. Kf2 Re4 69. Ra5 Ne7 70. Nxe5 Kf8 71. Kf3 Re1 72. Ng6+ Nxg6 73. hxg6 Kg7 74. Ra6 Rb1 75. Kf4 Rf1+ 76. Ke5 Re1+ 77. Kf4 Rf1+ 78. Kg3 Rb1 79. Kf4 Rf1+ 1/2-1/2

[Event "Registro Hirota Memorial U2200 3rd"]
[Site "Registro"]
[Date "2018.07.28"]
[Round "1.4"]
[White "Dos Passos, Homero Rodrigues"]
[Black "Mendes, Rodrigo Machado"]
[Result "0-1"]
[WhiteElo "1463"]
[BlackElo "1961"]
[PlyCount "69"]
[EventDate "2018.07.28"]
[EventType "swiss"]
[EventRounds "6"]
[EventCountry "BRA"]
[SourceTitle "EXT 2022"]
[Source "ChessBase"]
[SourceDate "2021.10.06"]
[SourceVersion "1"]
[SourceVersionDate "2021.10.06"]
[SourceQuality "1"]

1. e4 c5 2. Nc3 g6 3. f4 Bg7 4. Nf3 Nc6 5. Bc4 Na5 6. Bb3 a6 7. d3 d6 8. 0-0 Nxb3 9. axb3 e6 10. Qe1 Nf6 11. e5 Ng8 12. Ne4 Bf8 13. Qc3 d5 14. Nxc5 b6 15. Na4 Bb7 16. Be3 b5 17. Nc5 Qb6 18. b4 Rc8 19. Ra2 Nh6 20. Rfa1 Be7 21. d4 Bxc5 22. bxc5 Qc6 23. Nd2 Ra8 24. Nb3 Bc8 25. Na5 Qc7 26. c6 0-0 27. Qc5 Nf5 28. Bf2 h5 29. h3 h4 30. Be1 Kg7 31. Bb4 Rb8 32. Qc3 f6 33. Nb3 fxe5 34. fxe5 Ng3 35. Qc5 0-1

[Event "Registro Hirota Memorial U2200 3rd"]
[Site "Registro"]
[Date "2018.07.28"]
[Round "2.4"]
[White "Mendes, Rodrigo Machado"]
[Black "Rangel, Felipe Novais"]
[Result "1-0"]
[WhiteElo "1961"]
[BlackElo "1667"]
[PlyCount "69"]
[EventDate "2018.07.28"]
[EventType "swiss"]
[EventRounds "6"]
[EventCountry "BRA"]
[SourceTitle "EXT 2022"]
[Source "ChessBase"]
[SourceDate "2021.10.06"]
[SourceVersion "1"]
[SourceVersionDate "2021.10.06"]
[SourceQuality "1"]

1. d4 b6 2. Nf3 Bb7 3. e3 g6 4. Be2 Bg7 5. c4 Nf6 6. Nc3 0-0 7. 0-0 d6 8. d5 Nbd7 9. Nd4 a6 10. Rb1 Ne5 11. f4 Ned7 12. Bf3 Rc8 13. b4 Ne8 14. Bb2 Nb8 15. Bg4 Bxd4 16. Qxd4 c5 17. bxc5 bxc5 18. Qd3 f5 19. Be2 Nf6 20. Na4 Nbd7 21. Bxf6 Nxf6 22. Rxb7 Qa5 23. Nc3 Rce8 24. Rfb1 e5 25. dxe6 Rxe6 26. Bf3 Rfe8 27. Nd5 Ne4 28. Bxe4 fxe4 29. Qc3 Qxc3 30. Nxc3 h6 31. Nd5 g5 32. f5 Re5 33. Nf6+ Kf8 34. Nxe8 Kxe8 35. Rh7 1-0

[Event "BRA-ch Amateur U2200"]
[Site "Sao Paulo"]
[Date "2018.06.02"]
[Round "5"]
[White "Bortoloso, Moacir Canella"]
[Black "Mendes, Rodrigo Machado"]
[Result "1-0"]
[WhiteElo "2041"]
[BlackElo "1940"]
[PlyCount "51"]
[EventDate "2018.05.31"]
[EventType "swiss"]
[EventRounds "7"]
[EventCountry "BRA"]
[SourceTitle "EXT 2019"]
[Source "ChessBase"]
[SourceDate "2018.10.10"]
[SourceVersion "1"]
[SourceVersionDate "2018.10.10"]
[SourceQuality "1"]

1. e4 c6 2. d4 d5 3. Nc3 dxe4 4. Nxe4 Bf5 5. Ng3 Bg6 6. h4 h6 7. Bc4 e6 8. N1e2 Be7 9. Nf4 Bh7 10. Ngh5 Bf6 11. Be3 Qe7 12. Qe2 Nd7 13. 0-0-0 Nb6 14. Bb3 a5 15. a3 a4 16. Ba2 Nd5 17. c4 Nxe3 18. Qxe3 b5 19. c5 g5 20. Qf3 Rc8 21. Nxe6 fxe6 22. Bxe6 Rd8 23. Bxg8 Rxd4 24. Nxf6+ Kf8 25. Rxd4 Qxc5+ 26. Qc3 1-0

[Event "BRA-ch Amateur U2200"]
[Site "Sao Paulo"]
[Date "2018.06.02"]
[Round "6"]
[White "Mendes, Rodrigo Machado"]
[Black "De Lima, Alexsandro Barros"]
[Result "1-0"]
[WhiteElo "1940"]
[BlackElo "2084"]
[PlyCount "89"]
[EventDate "2018.05.31"]
[EventType "swiss"]
[EventRounds "7"]
[EventCountry "BRA"]
[SourceTitle "EXT 2019"]
[Source "ChessBase"]
[SourceDate "2018.10.10"]
[SourceVersion "1"]
[SourceVersionDate "2018.10.10"]
[SourceQuality "1"]

1. c4 Nf6 2. Nc3 e5 3. g3 d5 4. cxd5 Nxd5 5. Bg2 Nb6 6. Nf3 Nc6 7. 0-0 Be7 8. d3 0-0 9. a3 Re8 10. b4 Bf8 11. Bb2 a5 12. b5 Nd4 13. a4 Bg4 14. Nd2 Qc8 15. Re1 Bh3 16. Bh1 Bb4 17. e3 Ne6 18. Nb3 Rb8 19. Qh5 Nf8 20. Qe2 Qe6 21. Qc2 Bf5 22. Red1 Red8 23. Ne4 Nfd7 24. d4 Qc4 25. Rdc1 Be6 26. Nec5 Nxc5 27. Nxc5 Bxc5 28. dxc5 Qxc2 29. Rxc2 Nc4 30. Rxc4 Bxc4 31. Bxe5 Rd7 32. b6 f6 33. Bxc7 Rxc7 34. bxc7 Rc8 35. Bxb7 Rxc7 36. c6 Bd5 37. Ba8 Rc8 38. Bb7 Rc7 39. Rd1 Bxc6 40. Rd8+ Kf7 41. Bxc6 Rxc6 42. Rd5 Ra6 43. Kg2 Ke6 44. Rb5 g5 45. g4 1-0

[Event "Pocos de Caldas op"]
[Site "Pocos de Caldas"]
[Date "2018.03.02"]
[Round "1"]
[White "Mendes, Rodrigo Machado"]
[Black "Nunes, Guilherme Sacardo T"]
[Result "1-0"]
[WhiteElo "1974"]
[BlackElo "1484"]
[PlyCount "53"]
[EventDate "2018.03.02"]
[EventType "swiss"]
[EventRounds "6"]
[EventCountry "BRA"]
[SourceTitle "CBM 183 Extra"]
[Source "ChessBase"]
[SourceDate "2018.04.19"]
[SourceVersion "1"]
[SourceVersionDate "2018.04.19"]
[SourceQuality "1"]

1. d4 Nf6 2. Bg5 g6 3. Nf3 Bg7 4. e3 0-0 5. Be2 d6 6. 0-0 Nbd7 7. c4 h6 8. Bh4 g5 9. Bg3 Ne4 10. Nc3 Ndf6 11. Nxe4 Nxe4 12. Qc2 f5 13. Rad1 Qe8 14. d5 e5 15. dxe6 Bxe6 16. Nd4 Kh8 17. Bd3 h5 18. Bxe4 fxe4 19. Nb5 Qc6 20. b3 Rfd8 21. h4 a6 22. Nd4 Bxd4 23. Rxd4 gxh4 24. Rxe4 Bh3 25. Bxh4 Rg8 26. Bf6+ Kh7 27. Re7+ 1-0

[Event "Rio de Janeiro Alex U2100 1st"]
[Site "Rio de Janeiro"]
[Date "2018.01.14"]
[Round "5"]
[White "Soares, Joao Carlos TC"]
[Black "Mendes, Rodrigo Machado"]
[Result "1-0"]
[WhiteElo "2026"]
[BlackElo "1991"]
[PlyCount "99"]
[EventDate "2018.01.05"]
[EventType "tourn"]
[EventRounds "5"]
[EventCountry "BRA"]
[SourceTitle "EXT 2019"]
[Source "ChessBase"]
[SourceDate "2018.10.10"]
[SourceVersion "1"]
[SourceVersionDate "2018.10.10"]
[SourceQuality "1"]

1. d4 Nf6 2. Nc3 d5 3. Bg5 h6 4. Bxf6 exf6 5. e4 Bb4 6. Bd3 dxe4 7. Bxe4 0-0 8. Nge2 Re8 9. 0-0 f5 10. Bf3 Nd7 11. a3 Bf8 12. Qd3 Nf6 13. Ng3 g6 14. Nce2 c6 15. c4 Bd7 16. Nc3 Qc7 17. Rac1 Rad8 18. Rfd1 h5 19. b4 a5 20. Rb1 axb4 21. axb4 Ng4 22. b5 Bg7 23. h3 Nf6 24. bxc6 bxc6 25. Ra1 Ra8 26. Na4 h4 27. Nf1 Ne4 28. c5 Qf4 29. Qe3 Qc7 30. Qc1 Be6 31. Bxe4 fxe4 32. Nb6 Rad8 33. Qe3 Bf6 34. Ra4 Bf5 35. Rda1 Qe7 36. Ra7 Qd6 37. R1a4 Re7 38. R7a6 Rc7 39. d5 cxd5 40. Nxd5 Qxd5 41. Rxf6 Rxc5 42. Qg5 Qd7 43. Raa6 Kg7 44. Ne3 Rc1+ 45. Kh2 Qc7+ 46. Rfd6 Be6 47. Qxd8 Qc3 48. Rxe6 fxe6 49. Ra7+ Kh6 50. Qxh4# 1-0